Sports Quiz

Random Sports Quiz
Score 0/8 Timer 06:00
0 Plays Today
% Correct
Bauer
100%
CCM
83.3%
Warrior
66.7%
Easton
66.7%
Sherwood
66.7%
Reebok
50%
Koho
50%
Tpx
16.7%
Remove Ads.
Support Sporcle.
Get the best of Sporcle when you Go Orange. This ad-free experience offers more features, more stats, and more fun while also helping to support Sporcle. Thank you for becoming a member.

You're not logged in!

Compare scores with friends on all Sporcle quizzes.
OR
Log In

Show Comments

Extras

Created Nov 28, 2010ReportNominate
Tags:stick

Top Quizzes Today


Score Distribution

Your Account Isn't Verified!

In order to create a playlist on Sporcle, you need to verify the email address you used during registration. Go to your Sporcle Settings to finish the process.

Report this User

Report this user for behavior that violates our Community Guidelines.

Details: